000 00829nam a22001697a 4500
003 OSt
005 20251124160048.0
008 251124b |||||||| |||| 00| 0 eng d
040 _cDCL
082 _a၂၉၄.၃၈၂၃၅၁
130 _aတိပိဋက။
_pသုတ္တန္တပိဋက။
_pခုဒ္ဒကနိကာယ။
_tခုဒ္ဒကပါဌ၊
_lအဋ္ဌကထာ။
245 _aခုဒ္ဒကပါဌဋ္ဌကထာ။
264 _aရန်ကုန် ၊
_bနိုင်ငံတော်ဗုဒ္ဓသာသနာအဖွဲ့၊
_c၁၉၇၉။
300 _aဏ၊ ၂၅၁ စာမျက်နှာ ၊
_c၂၅ စင်တီ။
650 _aခုဒ္ဒကပါဌ
_vအဋ္ဌကထာ။
942 _2ddc
_cSHORT TERM
_n0
999 _c2608
_d2608